000 00730nam 22002533 4500
001 200417
010 _a972-41-4035-0
021 _aPT
_b215240/04
090 _a200417
100 _a20260205d u||y0pory50 ba
101 _apor
200 _aAstérix e o regresso dos gauleses
_ftexto de René Goscinny e Albert Uderzo, desenhos de Albert Uderzo
205 _a
210 _aPorto
_cAsa Editores
_d2004
215 _a56 p.
_cil. ; encadernado
_d30 cm
225 _a Astérix
606 _aDesenho Artístico
_91586
610 _aBanda desenhada
675 _a74
_vPT
_zpor
700 _aGoscinny
_f1926-1977
_bRené
_9823
701 _9824
_aUderzo
_bAlbert
_f1927-2020
801 _aPT
_bBMMN
_gRPC
830 _cIsabel
990 _cLIVROS